00460nam a2200169 a 4500008004100000020001500041050001500056100001800071245006300089250001200152260002800164300002100192350000900213650002200222650002500244700002100269081223s2005 ||||||||||||||||| || u a0125506562 aQR 100 Pep aPepper, Ian L10aEnviromental microbiology: a laboratory manual. -- 2nd ed. a2nd ed. aLondon:bElsevierc2005 axvii, 209p.: ill a0.00 aMicrobial ecology aMEDICAL MICROBIOLOGY aGerba, Charles P